La Piedad, Michoacán (Record no. 35836)
[ view plain ]
| 000 -LEADER | |
|---|---|
| fixed length control field | 00984nam a22002057a 4500 |
| 005 - DATE AND TIME OF LATEST TRANSACTION | |
| control field | 20231117123441.0 |
| 008 - FIXED-LENGTH DATA ELEMENTS--GENERAL INFORMATION | |
| fixed length control field | | mx bo||gr||| 00| 0 spa|d |
| 050 04 - LIBRARY OF CONGRESS CALL NUMBER | |
| Classification number | F1306 .9 .P54 |
| Item number | P54 2003 |
| 050 04 - LIBRARY OF CONGRESS CALL NUMBER | |
| Classification number | F1306 |
| Item number | P54 2003 |
| 245 03 - TITLE STATEMENT | |
| Title | La Piedad, Michoacán |
| Remainder of title | : la ventana de nuestros días, la herencia para un nuevo siglo |
| Statement of responsibility, etc | / coordinador editorial José Antonio Martínez Álvarez ; coordinador académico Carlos Téllez Valencia. |
| 250 ## - EDITION STATEMENT | |
| Edition statement | 1a ed. |
| 260 ## - PUBLICATION, DISTRIBUTION, ETC. (IMPRINT) | |
| Place of publication, distribution, etc | La Piedad de Cabadas, Michoacán de Ocampo, México : |
| Name of publisher, distributor, etc | H. Ayuntamiento Constitucional de La Piedad, Michoacán, |
| Date of publication, distribution, etc | 2003 |
| 300 ## - PHYSICAL DESCRIPTION | |
| Extent | 485 p. : |
| Other physical details | il. ; |
| Dimensions | 22 cm. |
| 490 0# - SERIES STATEMENT | |
| Series statement | Monografía Municipal |
| 504 ## - BIBLIOGRAPHY, ETC. NOTE | |
| Linkage | Incluye bibliografía : p. 473-484, cronología e índice |
| 651 #7 - SUBJECT ADDED ENTRY--GEOGRAPHIC NAME | |
| Source of heading or term | lemb |
| Geographic name | La Piedad de Cabadas (Michoacán de Ocampo) |
| Geographic subdivision | México |
| General subdivision | Historia |
| Chronological subdivision | Hasta Siglo XX |
| 700 1# - ADDED ENTRY--PERSONAL NAME | |
| Personal name | Martínez Álvarez, José Antonio, |
| Relator term | coordinador |
| 700 1# - ADDED ENTRY--PERSONAL NAME | |
| Personal name | Télles Valencia, Carlos, |
| Relator term | coordinador |
| 942 ## - ADDED ENTRY ELEMENTS (KOHA) | |
| Source of classification or shelving scheme | Biblioteca del Cogreso de los Estados Unidos |
| Koha item type | Libro |
| Estado de pérdida | Fuente de clasificación | Estado del daño | No para préstamo | Ubicación permanente | Ubicación actual | Apartado o colección | Fecha de adquisición | Edición | Área del conocimiento | Clasificación | Código de Barras | Date last seen | Número de copia | Costo por reposición | Tipo de recurso | Nota pública | Fuente de adquisición | Enumeración de Serie / Cronológica | Dependencia de educación superior (DES) |
|---|---|---|---|---|---|---|---|---|---|---|---|---|---|---|---|---|---|---|---|
| Biblioteca del Cogreso de los Estados Unidos | Uso interno Biblioteca | Biblioteca de la Facultad de Economía | Biblioteca de la Facultad de Economía | General | 13/11/2023 | 1a ed. | Educación y Humanidades | F1306 P54 2003 | BFE000003173 | 29/06/2016 | 1 | 1.00 | Libro | Unidad Académica | Ciencias Económico Administrativas | ||||
| Biblioteca del Cogreso de los Estados Unidos | Biblioteca del Instituto de Investigaciones Históricas | Biblioteca del Instituto de Investigaciones Históricas | Fondo Michoacán | 13/12/2012 | 1a ed. | Ciencias Agropecuarias | F1306 .9 .P54 P54 2003 | IIH000009449 | 13/12/2012 | C:1 | 1.00 | Libro | MICHOACÁN |